[Event "Recife PE22"]
[Site "Recife"]
[Date "2023.04.09"]
[Round "9"]
[White "De Souza Neto, Hilton Vilarim"]
[Black "Alves, Luiz Henrique De Ar"]
[Result "1-0"]
[WhiteElo "1817"]
[BlackElo "1708"]
[PlyCount "103"]
[EventDate "2023.04.05"]
[EventType "tourn"]
[EventRounds "9"]
[EventCountry "BRA"]
[SourceTitle "CBM 213 Extra"]
[Source "ChessBase"]
[SourceDate "2023.05.31"]
[SourceVersion "1"]
[SourceVersionDate "2023.05.31"]
[SourceQuality "1"]

1. d4 Nf6 2. c4 e6 3. Nc3 Bb4 4. f3 d5 5. a3 Bxc3+ 6. bxc3 c5 7. e3 0-0 8. cxd5 Nxd5 9. Qb3 Nc6 10. Bd2 b6 11. e4 Nde7 12. dxc5 bxc5 13. Nh3 Na5 14. Qc2 c4 15. Rd1 Qb6 16. Nf2 Ba6 17. Be2 Nb3 18. 0-0 Ng6 19. Rb1 Qd6 20. Bc1 Rfd8 21. Rd1 Qc5 22. g3 Ne5 23. Kg2 Nxc1 24. Qxc1 Nd3 25. Bxd3 cxd3 26. Rd2 Rac8 27. Nd1 f5 28. Rb4 Bb5 29. Qb2 Bc6 30. Qb3 Qe5 31. Nf2 fxe4 32. fxe4 Kh8 33. Qb2 Ba8 34. Kh3 Qxc3 35. Kg4 h6 36. h4 a5 37. Qxc3 Rxc3 38. Ra4 Rc2 39. Rxd3 Rxd3 40. Nxd3 Rc3 41. Nf4 Rc5 42. Nd3 Rc3 43. Ne5 Rc5 44. Nd7 Rb5 45. Rc4 Bb7 46. Kf4 Kh7 47. Nf8+ Kg8 48. Nxe6 Rb6 49. Ke5 Rb3 50. Rc7 Rb5+ 51. Kf4 g6 52. Rg7+ 1-0

[Event "BRA-ch 88th"]
[Site "Recife"]
[Date "2022.12.20"]
[Round "8"]
[White "Azevedo, Eduardo Jose E"]
[Black "De Souza Neto, Hilton Vilarim"]
[Result "0-1"]
[WhiteElo "1651"]
[BlackElo "1808"]
[PlyCount "42"]
[EventDate "2022.12.15"]
[EventType "swiss"]
[EventRounds "11"]
[EventCountry "BRA"]
[SourceTitle "CBM 212 Extra"]
[Source "ChessBase"]
[SourceDate "2023.03.31"]
[SourceVersion "1"]
[SourceVersionDate "2023.03.31"]
[SourceQuality "1"]

1. Nf3 d5 2. d4 g6 3. g3 Bg7 4. Bg2 Nf6 5. 0-0 0-0 6. c4 e6 7. Nc3 c6 8. c5 Nbd7 9. Bf4 Re8 10. b4 Nh5 11. Bd6 Bf8 12. Bxf8 Rxf8 13. e4 h6 14. Qd2 Kh7 15. a4 Ndf6 16. e5 Ne8 17. b5 Bd7 18. Rab1 Qa5 19. Qc2 Nc7 20. Nh4 Ng7 21. Bh3 Nf5 0-1

[Event "BRA-ch 88th"]
[Site "Recife"]
[Date "2022.12.19"]
[Round "6"]
[White "Andrade, Raul A Lima De Sous"]
[Black "De Souza Neto, Hilton Vilarim"]
[Result "0-1"]
[WhiteElo "1200"]
[BlackElo "1808"]
[PlyCount "82"]
[EventDate "2022.12.15"]
[EventType "swiss"]
[EventRounds "11"]
[EventCountry "BRA"]
[SourceTitle "CBM 212 Extra"]
[Source "ChessBase"]
[SourceDate "2023.03.31"]
[SourceVersion "1"]
[SourceVersionDate "2023.03.31"]
[SourceQuality "1"]

1. e4 c5 2. c3 Nc6 3. d4 cxd4 4. cxd4 d5 5. e5 Qb6 6. Ne2 Bg4 7. f3 Bf5 8. Qa4 e6 9. a3 Qa5+ 10. Qxa5 Nxa5 11. Be3 Nc4 12. Bc1 Ne7 13. b3 Na5 14. Nd2 Bd3 15. Bb2 Rc8 16. g4 Rc2 17. Bc3 Nec6 18. Kd1 Be7 19. Bxa5 Nxa5 20. Nf4 Rxd2+ 21. Kxd2 Bxf1 22. Raxf1 Nxb3+ 23. Kc3 Na5 24. a4 g6 25. Rb1 Kd7 26. Ne2 b6 27. Kd3 Nc4 28. f4 a5 29. Nc1 h5 30. g5 h4 31. h3 Rc8 32. Rh2 Na3 33. Ra1 Rc4 34. Rb2 Kc6 35. Ne2 Rxa4 36. Rba2 b5 37. Kc3 Rc4+ 38. Kd2 b4 39. Rc1 Kb5 40. Raa1 a4 41. Kd3 b3 0-1

[Event "BRA-ch 88th"]
[Site "Recife"]
[Date "2022.12.19"]
[Round "7"]
[White "De Souza Neto, Hilton Vilarim"]
[Black "Pereira, Silvio Cunha"]
[Result "0-1"]
[WhiteElo "1808"]
[BlackElo "2175"]
[PlyCount "106"]
[EventDate "2022.12.15"]
[EventType "swiss"]
[EventRounds "11"]
[EventCountry "BRA"]
[SourceTitle "CBM 212 Extra"]
[Source "ChessBase"]
[SourceDate "2023.03.31"]
[SourceVersion "1"]
[SourceVersionDate "2023.03.31"]
[SourceQuality "1"]

1. d4 f5 2. c4 d6 3. Nc3 Nf6 4. Bg5 g6 5. e3 Bg7 6. Be2 c6 7. Nh3 0-0 8. 0-0 Na6 9. a3 e5 10. Qc2 h6 11. Bxf6 Qxf6 12. dxe5 dxe5 13. f4 e4 14. Rfd1 Nc5 15. Rd2 a5 16. Na4 Nxa4 17. Qxa4 Qe7 18. Rad1 Be6 19. g3 Rfd8 20. Kf2 Bf6 21. Bf1 Qc7 22. Ng1 Qf7 23. Be2 Rxd2 24. Rxd2 b5 25. Qd1 bxc4 26. h4 Rb8 27. Qc1 Rb3 28. Rc2 c3 29. bxc3 Qe7 30. c4 Qc5 31. Bf1 Rxe3 32. Kg2 Qxa3 33. Qxa3 Rxa3 34. Nh3 a4 35. Nf2 Ra1 36. Be2 a3 37. h5 Rb1 38. Ra2 Rb2 39. Rxa3 Rxe2 40. Ra8+ Kg7 41. Ra7+ Bf7 42. Rc7 Bd4 43. hxg6 Rxf2+ 44. Kh3 Kxg6 45. Rxc6+ Kg7 46. Rd6 Bh5 47. g4 Bxg4+ 48. Kg3 Rf3+ 49. Kg2 Rd3 50. Rc6 Rd2+ 51. Kg3 Bf2+ 52. Kg2 Bf3+ 53. Kh3 Rd1 0-1

[Event "Joao Pessoa Fischer Memorial 11th"]
[Site "Joao Pessoa"]
[Date "2022.05.08"]
[Round "5"]
[White "De Medeiros, Yasmin Soares"]
[Black "De Souza Neto, Hilton Vilarim"]
[Result "1-0"]
[WhiteElo "1633"]
[BlackElo "1840"]
[PlyCount "125"]
[EventDate "2022.05.06"]
[EventType "swiss"]
[EventRounds "6"]
[EventCountry "BRA"]
[SourceTitle "EXT 2023"]
[Source "ChessBase"]
[SourceDate "2022.10.05"]
[SourceVersion "1"]
[SourceVersionDate "2022.10.05"]
[SourceQuality "1"]

1. d4 Nf6 2. Bf4 d5 3. e3 Bf5 4. c4 e6 5. c5 c6 6. Nc3 Nbd7 7. Nf3 h6 8. h3 b5 9. b4 g5 10. Be5 Nxe5 11. Nxe5 Qc7 12. Nxc6 Bg7 13. Bxb5 0-0 14. a3 Ne4 15. Nxe4 Bxe4 16. 0-0 Bg6 17. f4 f6 18. Na5 Rfd8 19. Bd3 f5 20. fxg5 hxg5 21. Qf3 Rf8 22. Nb3 g4 23. Qf4 Qxf4 24. exf4 gxh3 25. gxh3 Kf7 26. Kf2 Rh8 27. Rh1 Bf6 28. c6 a5 29. bxa5 Ke7 30. a4 Kd6 31. Bb5 Kc7 32. Ke3 Be7 33. a6 Rh6 34. Rh2 Rah8 35. Rah1 Kb6 36. Nd2 Bh5 37. Nf3 Bxf3 38. Kxf3 Rh4 39. Rg2 Bd6 40. Rg7 Rxf4+ 41. Ke3 Re4+ 42. Kd3 e5 43. dxe5 Bxe5 44. Rb7+ Ka5 45. c7 f4 46. Rb8 Re3+ 47. Kd2 Rxb8 48. cxb8Q Bxb8 49. h4 d4 50. h5 Re7 51. h6 Rh7 52. Kd3 f3 53. Rh5 Ba7 54. Bc6+ Kxa6 55. Bxf3 Bb6 56. Be4 Rh8 57. h7 Ka7 58. Rg5 Bd8 59. Rg8 Bf6 60. Kc4 Kb6 61. Rg6 Rc8+ 62. Kd3 Rf8 63. Rxf6+ 1-0

[Event "Pernambuco Magistral Gr-A"]
[Site "Recife"]
[Date "2021.11.12"]
[Round "6"]
[White "De Souza Neto, Hilton Vilarim"]
[Black "Barioni, Daniel Rossiter"]
[Result "1/2-1/2"]
[WhiteElo "1864"]
[BlackElo "1838"]
[PlyCount "77"]
[EventDate "2021.10.09"]
[EventType "tourn"]
[EventRounds "7"]
[EventCountry "BRA"]
[SourceTitle "EXT 2023"]
[Source "ChessBase"]
[SourceDate "2022.10.05"]
[SourceVersion "1"]
[SourceVersionDate "2022.10.05"]
[SourceQuality "1"]

1. c4 e6 2. Nc3 d5 3. cxd5 exd5 4. d4 Nf6 5. Bg5 Be7 6. e3 0-0 7. Bd3 c6 8. Nge2 Be6 9. Qc2 h6 10. Bh4 a5 11. a3 Nbd7 12. Nf4 c5 13. Nxe6 fxe6 14. 0-0 Rc8 15. Rad1 Nh5 16. Bxe7 Qxe7 17. dxc5 Nxc5 18. Bg6 Nf6 19. f3 Nfd7 20. f4 Nb6 21. Qe2 Qf6 22. f5 Nc4 23. Rd4 Ne5 24. Bh5 Qg5 25. h4 Qg3 26. fxe6 Rxf1+ 27. Kxf1 Nxe6 28. Rxd5 Nc4 29. Bf3 Qxh4 30. Rd7 Qg5 31. Kf2 Ne5 32. Rxb7 Nc5 33. Rb5 Ncd3+ 34. Kf1 Qh4 35. Kg1 Rf8 36. Ne4 Rc8 37. Nc3 Rf8 38. Ne4 Rc8 39. Nc3 1/2-1/2

[Event "Pernambuco Magistral Gr-A"]
[Site "Recife"]
[Date "2021.11.11"]
[Round "4"]
[White "De Souza Neto, Hilton Vilarim"]
[Black "De Andrade, Dalson Holanda Cav"]
[Result "0-1"]
[WhiteElo "1864"]
[BlackElo "2000"]
[PlyCount "152"]
[EventDate "2021.10.09"]
[EventType "tourn"]
[EventRounds "7"]
[EventCountry "BRA"]
[SourceTitle "EXT 2023"]
[Source "ChessBase"]
[SourceDate "2022.10.05"]
[SourceVersion "1"]
[SourceVersionDate "2022.10.05"]
[SourceQuality "1"]

1. Nf3 Nf6 2. c4 e6 3. b3 Be7 4. Bb2 d5 5. e3 0-0 6. Qc2 c6 7. a3 Nbd7 8. Be2 Re8 9. d3 Rb8 10. b4 c5 11. b5 b6 12. Nbd2 Bb7 13. Rg1 Nf8 14. g4 Bd6 15. g5 N6d7 16. 0-0-0 Qe7 17. h4 a6 18. Qc3 e5 19. a4 axb5 20. axb5 Ne6 21. Rg4 d4 22. Qc2 Ra8 23. Rdg1 Ra5 24. Nb3 Ra2 25. Qd1 Rea8 26. Qf1 Nc7 27. Nfd2 Nf8 28. Ne4 Bxe4 29. Rxe4 Nxb5 30. Bd1 Rxb2 31. Kxb2 Nc3 32. Nc1 Qa7 33. Bb3 Qa1+ 34. Kc2 Nxe4 35. dxe4 Qc3+ 36. Kd1 Ra1 37. Bc2 dxe3 38. Qd3 exf2 39. Rf1 Qd4 40. Qxd4 exd4 41. Ke2 Ne6 42. Nd3 Rxf1 43. Kxf1 Bg3 44. Nxf2 Bxf2 45. Kxf2 Kf8 46. Kf3 Ke7 47. e5 g6 48. Ke4 Nc7 49. Ba4 Na6 50. Bd1 Nb4 51. Bg4 Nc2 52. Kd3 Ne3 53. Bh3 Nd1 54. Kc2 Nf2 55. Bc8 Ne4 56. Bb7 Ng3 57. Bc8 Nf5 58. h5 Ng3 59. hxg6 hxg6 60. Kd3 Nf5 61. Ke4 Ng7 62. Bg4 Ne6 63. Kd5 Nxg5 64. Kc6 d3 65. Kxb6 Ne4 66. Kc6 d2 67. Kd5 d1Q+ 68. Bxd1 Nc3+ 69. Kxc5 Nxd1 70. Kb6 Nc3 71. c5 g5 72. c6 Nd5+ 73. Kc5 Ke6 74. Kd4 g4 75. Ke4 g3 76. Kf3 Kxe5 0-1

[Event "BRA-ch sf Reg2 86th"]
[Site "Recife"]
[Date "2019.12.21"]
[Round "5"]
[White "De Souza Neto, Hilton Vilarim"]
[Black "Azevedo, Eduardo Jose E"]
[Result "1/2-1/2"]
[WhiteElo "1868"]
[BlackElo "1677"]
[PlyCount "48"]
[EventDate "2019.12.19"]
[EventType "swiss"]
[EventRounds "7"]
[EventCountry "BRA"]
[SourceTitle "CBM 194 Extra"]
[Source "ChessBase"]
[SourceDate "2020.03.31"]
[SourceVersion "1"]
[SourceVersionDate "2020.03.31"]
[SourceQuality "1"]

1. d4 e6 2. Nf3 f5 3. g3 d5 4. Bg2 Nf6 5. 0-0 Bd6 6. b3 Qe7 7. Bb2 Nbd7 8. c4 c6 9. Nbd2 0-0 10. Ne5 Ne4 11. f4 Ndf6 12. e3 Nxd2 13. Qxd2 Ne4 14. Bxe4 fxe4 15. Kg2 Bd7 16. c5 Bxe5 17. fxe5 Rxf1 18. Rxf1 Rf8 19. Qe2 Rxf1 20. Qxf1 Be8 21. h3 Bh5 22. g4 Bg6 23. Kg3 h5 24. Qf4 hxg4 1/2-1/2

[Event "Barra de Sao Miguel op"]
[Site "Barra de Sao Miguel"]
[Date "2019.10.13"]
[Round "6"]
[White "De Souza Neto, Hilton Vilarim"]
[Black "Ferreira, Rafael Emiliano"]
[Result "1-0"]
[WhiteElo "1875"]
[BlackElo "1950"]
[PlyCount "68"]
[EventDate "2019.10.10"]
[EventType "swiss"]
[EventRounds "7"]
[EventCountry "BRA"]
[SourceTitle "CBM 192 Extra"]
[Source "Chessbase"]
[SourceDate "2019.11.06"]
[SourceVersion "1"]
[SourceVersionDate "2019.11.06"]
[SourceQuality "1"]

1. d4 e6 2. Bf4 d5 3. e3 Nf6 4. h3 Nbd7 5. Nf3 c5 6. c3 c4 7. Nbd2 b5 8. a3 a5 9. Be2 Nb6 10. 0-0 b4 11. Qc2 Bd6 12. Bxd6 Qxd6 13. Ne5 Nfd7 14. f4 f6 15. Bh5+ g6 16. Bxg6+ Kf8 17. Bxh7 f5 18. Bxf5 exf5 19. Qxf5+ Qf6 20. Nxd7+ Nxd7 21. Qxd5 Ra6 22. e4 Qg7 23. Kf2 Rf6 24. f5 Rg8 25. g4 Qh6 26. Nf3 Rd6 27. Qa8 Nb6 28. Qb8 Rg7 29. e5 Rc6 30. e6 Rgc7 31. Kg3 Nd5 32. g5 Qg7 33. Qb5 Rd6 34. Rae1 Ke7 1-0

[Event "Barra de Sao Miguel op"]
[Site "Barra de Sao Miguel"]
[Date "2019.10.11"]
[Round "3"]
[White "De Lima, Carlos Alexandre"]
[Black "De Souza Neto, Hilton Vilarim"]
[Result "1/2-1/2"]
[WhiteElo "2044"]
[BlackElo "1875"]
[PlyCount "103"]
[EventDate "2019.10.10"]
[EventType "swiss"]
[EventRounds "7"]
[EventCountry "BRA"]
[SourceTitle "CBM 192 Extra"]
[Source "Chessbase"]
[SourceDate "2019.11.06"]
[SourceVersion "1"]
[SourceVersionDate "2019.11.06"]
[SourceQuality "1"]

1. e4 e5 2. f4 d5 3. Nf3 dxe4 4. Nxe5 Nd7 5. Nxd7 Bxd7 6. Bc4 Qh4+ 7. g3 Qh3 8. Qe2 Nf6 9. Nc3 0-0-0 10. Qf1 Bc5 11. f5 Bxf5 12. Qf4 Qg4 13. Rf1 Qxf4 14. Rxf4 Bg6 15. a3 a6 16. b4 Ba7 17. Bb2 e3 18. d3 Rhe8 19. g4 Re7 20. Ne2 Rd6 21. 0-0-0 c5 22. b5 a5 23. Rdf1 Bb8 24. h3 Rdd7 25. Bxf6 gxf6 26. Rxf6 Be5 27. R6f3 h5 28. a4 hxg4 29. hxg4 Bd4 30. Kd1 Kc7 31. Nf4 Re5 32. Ke2 Rg5 33. Nxg6 fxg6 34. Be6 Re7 35. Rf7 Kd6 36. Bc8 b6 37. Rxe7 Kxe7 38. Rf4 Rd5 39. Bb7 Rd8 40. c3 Bxc3 41. Kxe3 Bd4+ 42. Ke4 Bf6 43. Bd5 Rf8 44. Rf1 Bd4 45. Rxf8 Kxf8 46. g5 Ke7 47. Bg8 Kf8 48. Bb3 Ke7 49. Bc4 Bc3 50. Kd5 Kd7 51. Ke4 Bd2 52. Bf7 1/2-1/2

[Event "Recife Arraes Memorial 12th"]
[Site "Recife"]
[Date "2019.09.01"]
[Round "5"]
[White "De Souza Neto, Hilton Vilarim"]
[Black "Fiuza, Edson Volmir Drum"]
[Result "0-1"]
[WhiteElo "1875"]
[BlackElo "2016"]
[PlyCount "48"]
[EventDate "2019.08.30"]
[EventType "swiss"]
[EventRounds "6"]
[EventCountry "BRA"]
[SourceTitle "EXT 2020"]
[Source "ChessBase"]
[SourceDate "2019.10.17"]
[SourceVersion "1"]
[SourceVersionDate "2019.10.17"]
[SourceQuality "1"]

1. d4 Nf6 2. c4 c5 3. d5 b5 4. cxb5 a6 5. bxa6 Bxa6 6. Nc3 g6 7. g3 Bg7 8. Bg2 d6 9. Nh3 0-0 10. 0-0 Nbd7 11. f4 Qb6 12. Re1 Rfb8 13. e4 c4+ 14. Kh1 Nc5 15. Na4 Nxa4 16. Qxa4 Ng4 17. e5 dxe5 18. Qd1 h5 19. Bf3 Bb7 20. Kg2 Rd8 21. f5 gxf5 22. Bxg4 hxg4 23. Nf2 Rxd5 24. Be3 Rxd1+ 0-1

[Event "Agua Preta op"]
[Site "Agua Preta"]
[Date "2017.11.26"]
[Round "6"]
[White "Nunes, Marcelo Basilio"]
[Black "De Souza Neto, Hilton Vilarim"]
[Result "1/2-1/2"]
[WhiteElo "1971"]
[BlackElo "1859"]
[PlyCount "133"]
[EventDate "2017.11.24"]
[EventType "swiss"]
[EventRounds "6"]
[EventCountry "BRA"]
[SourceTitle "EXT 2019"]
[Source "ChessBase"]
[SourceDate "2018.10.10"]
[SourceVersion "1"]
[SourceVersionDate "2018.10.10"]
[SourceQuality "1"]

1. Nf3 Nf6 2. g3 b6 3. Bg2 Bb7 4. 0-0 e6 5. d3 Be7 6. e4 0-0 7. c4 c5 8. Nc3 d6 9. Nh4 Nfd7 10. Nf3 Nc6 11. d4 cxd4 12. Nxd4 Qc8 13. Ndb5 Qb8 14. Bf4 Nde5 15. b3 a6 16. Na3 Rd8 17. Nc2 Bf6 18. Qd2 Qc7 19. Rad1 h6 20. h3 Rd7 21. Be3 Rb8 22. f4 Ng6 23. f5 Bxc3 24. Qxc3 Nge5 25. f6 g5 26. Qd2 Kh7 27. Bxg5 Rg8 28. Bxh6 Rxg3 29. Bg7 Rg6 30. Qf4 Rxg7 31. fxg7 Ng6 32. Qf6 Qd8 33. Ne3 Qxf6 34. Rxf6 Kxg7 35. Rdf1 Nce5 36. Ng4 Bc6 37. Ne3 b5 38. R6f2 Nd3 39. Rd2 Nc5 40. cxb5 axb5 41. Rfd1 Nxe4 42. Bxe4 Bxe4 43. Rxd6 Ra7 44. R1d4 Bb1 45. a4 Ne5 46. Kf2 bxa4 47. bxa4 Kf6 48. Ng4+ Nxg4+ 49. hxg4 Bc2 50. Rd2 Bxa4 51. Ra2 Rd7 52. Rxd7 Bxd7 53. Kg3 e5 54. Kh4 Be6 55. Rf2+ Kg6 56. g5 Bf5 57. Rb2 Be6 58. Rb6 Kf5 59. Kh5 e4 60. Kh6 e3 61. Rb2 Kf4 62. g6 f5 63. g7 Kg4 64. g8Q+ Bxg8 65. Rg2+ Kf3 66. Rxg8 f4 67. Kg5 1/2-1/2

[Event "Recife op 4th"]
[Site "Recife"]
[Date "2017.04.23"]
[Round "6"]
[White "De Souza Neto, Hilton Vilarim"]
[Black "Santiago, Yago de Moura"]
[Result "0-1"]
[WhiteElo "1877"]
[BlackElo "2453"]
[PlyCount "68"]
[EventDate "2017.04.20"]
[EventType "swiss"]
[EventRounds "6"]
[EventCountry "BRA"]
[SourceTitle "EXT 2018"]
[Source "ChessBase"]
[SourceDate "2017.10.13"]
[SourceVersion "1"]
[SourceVersionDate "2017.10.13"]
[SourceQuality "1"]

1. d4 g6 2. c4 Bg7 3. Nc3 d6 4. e4 Nf6 5. f4 0-0 6. Nf3 c5 7. d5 b5 8. cxb5 a6 9. a4 Qa5 10. Bd2 axb5 11. Bxb5 Ba6 12. 0-0 Nfd7 13. Qc2 Rc8 14. h3 c4 15. Kh2 Nc5 16. Ra3 Qd8 17. Rfa1 Nb3 18. Bxa6 Nxa1 19. Rxa1 Nxa6 20. Ne2 Nc5 21. Bc3 Bxc3 22. Nxc3 Qb6 23. Nd4 Nb3 24. Nxb3 cxb3 25. Qd2 Qb4 26. Qd3 Ra5 27. g3 Rc4 28. h4 Rd4 29. Qe2 Rc5 30. Qe3 Qc4 31. a5 Rd3 32. Qe1 Rxc3 33. bxc3 b2 34. Ra3 Qd3 0-1

[Event "Pernambuco-ch"]
[Site "Olinda"]
[Date "2017.01.??"]
[Round "9"]
[White "De Souza Neto, Hilton Vilarim"]
[Black "Picasso Gallego, Nicolas"]
[Result "1-0"]
[WhiteElo "1884"]
[BlackElo "1879"]
[PlyCount "157"]
[EventDate "2017.01.13"]
[EventType "tourn"]
[EventRounds "9"]
[EventCountry "BRA"]
[SourceTitle "EXT 2022"]
[Source "ChessBase"]
[SourceDate "2021.10.06"]
[SourceVersion "1"]
[SourceVersionDate "2021.10.06"]
[SourceQuality "1"]

1. e4 c6 2. d4 d5 3. e5 Bf5 4. g4 Bg6 5. h4 h6 6. h5 Bh7 7. Bd3 Bxd3 8. Qxd3 e6 9. f4 Na6 10. a3 c5 11. Qb5+ Qd7 12. Qxd7+ Kxd7 13. c3 cxd4 14. cxd4 Rc8 15. Nc3 Ne7 16. Nge2 Nc6 17. Be3 Na5 18. Kf2 Nc4 19. Rhb1 Nxe3 20. Kxe3 Be7 21. Kd3 Nb8 22. Rf1 Nc6 23. b4 a6 24. Nc1 Na7 25. Nb3 b6 26. Na4 Rc6 27. Rac1 Rhc8 28. Rxc6 Rxc6 29. Nc3 Rc7 30. f5 Rc8 31. fxe6+ fxe6 32. Rf7 Rg8 33. Na4 Nc8 34. Nc3 Ke8 35. Rf3 Rf8 36. Ke2 Rxf3 37. Kxf3 Kd7 38. Ne2 Bg5 39. Nbc1 Ne7 40. Nd3 Nc6 41. Ndf4 Ne7 42. Ke3 a5 43. b5 Ke8 44. a4 Kf7 45. Kf3 g6 46. hxg6+ Nxg6 47. Nd3 Ne7 48. Ng3 Nc8 49. Ke2 Be7 50. Kf3 Bg5 51. Ne2 Be7 52. Nec1 Ke8 53. Nb3 Kf7 54. Nf4 Bg5 55. Nh3 Be7 56. Kf4 Kg6 57. Kg3 Kf7 58. Nf4 Bg5 59. Nh3 Be7 60. Nd2 Bb4 61. Nf3 Bc3 62. Kh4 Bb2 63. Nf4 Bc1 64. Nd3 Be3 65. Kh5 Ke7 66. Kg6 Kd7 67. Kf7 Ne7 68. Nde1 Bc1 69. Ng2 Nc8 70. Ngh4 Ne7 71. Ng1 Be3 72. Ne2 Nc8 73. Nf3 Ne7 74. Ng3 Nc8 75. Nh5 Na7 76. Nf6+ Kd8 77. Kxe6 Nxb5 78. axb5 a4 79. Nxd5 1-0

[Event "Recife Arraes Memorial 9th"]
[Site "Recife"]
[Date "2016.10.22"]
[Round "4.13"]
[White "Goes Filho, Fernando Antonio B"]
[Black "De Souza Neto, Hilton Vilarim"]
[Result "1-0"]
[WhiteElo "1666"]
[BlackElo "1920"]
[PlyCount "157"]
[EventDate "2016.10.21"]
[EventType "swiss"]
[EventRounds "6"]
[EventCountry "BRA"]
[SourceTitle "EXT 2022"]
[Source "ChessBase"]
[SourceDate "2021.10.06"]
[SourceVersion "1"]
[SourceVersionDate "2021.10.06"]
[SourceQuality "1"]

1. e4 c5 2. Nf3 Nc6 3. Bc4 h6 4. 0-0 e5 5. d3 d6 6. c3 Bg4 7. h3 Bh5 8. Nbd2 g5 9. Nb3 Bg7 10. Be3 Nf6 11. g4 Bg6 12. Kg2 0-0 13. Rh1 a6 14. a4 Rb8 15. a5 Qd7 16. Ng1 b5 17. axb6 Rxb6 18. Rxa6 Rxa6 19. Bxa6 Ra8 20. Bc4 Qb7 21. h4 gxh4 22. Rxh4 Na5 23. Nxa5 Rxa5 24. b4 cxb4 25. cxb4 Ra3 26. Bxh6 d5 27. Bxg7 Kxg7 28. Qc1 Ng8 29. Qxa3 dxc4 30. f3 cxd3 31. Qc3 Qe7 32. Rh1 Nh6 33. Nh3 Nxg4 34. Qc5 Qd7 35. Nf2 Nxf2 36. Qxf2 f5 37. Ra1 d2 38. Rd1 fxe4 39. Rxd2 exf3+ 40. Kxf3 Qb7+ 41. Ke2 Qb5+ 42. Ke3 Qb6+ 43. Kf3 e4+ 44. Kg4 Qe6+ 45. Kf4 Qf6+ 46. Kg4 Qe6+ 47. Kf4 Qf6+ 48. Kg3 Qg5+ 49. Kh3 Bf5+ 50. Kh2 e3 51. Qg2 Bg4 52. Rd7+ Kf6 53. Qc6+ Be6 54. Qc3+ Qe5+ 55. Qxe5+ Kxe5 56. Rd1 Bc4 57. Kg2 Ke4 58. Rd7 Bb5 59. Rd8 Bc4 60. Kg3 Bb5 61. Rb8 Bc4 62. b5 Kd3 63. b6 Kd2 64. Rd8+ Bd3 65. b7 e2 66. Re8 e1Q+ 67. Rxe1 Kxe1 68. b8Q Kd2 69. Qb4+ Ke3 70. Qf4+ Ke2 71. Qf2+ Kd1 72. Kf3 Kc1 73. Ke3 Bc2 74. Qe1+ Kb2 75. Qb4+ Kc1 76. Qa3+ Kb1 77. Kd2 Bh7 78. Kc3 Bc2 79. Qb2# 1-0

[Event "Joao Pessoa Fischer Memorial 7th"]
[Site "Joao Pessoa"]
[Date "2016.03.13"]
[Round "6"]
[White "De Souza Neto, Hilton Vilarim"]
[Black "Araujo, Sergio Murilo"]
[Result "0-1"]
[WhiteElo "1933"]
[BlackElo "2087"]
[PlyCount "118"]
[EventDate "2016.03.11"]
[EventType "swiss"]
[EventRounds "6"]
[EventCountry "BRA"]
[SourceTitle "CBM 171 Extra"]
[Source "ChessBase"]
[SourceDate "2016.04.26"]
[SourceVersion "1"]
[SourceVersionDate "2016.04.26"]
[SourceQuality "1"]

1. c4 c6 2. g3 d5 3. cxd5 cxd5 4. Bg2 Nf6 5. Nf3 e6 6. 0-0 Bd6 7. d4 0-0 8. Nc3 Nc6 9. a3 h6 10. e3 b6 11. b4 Bb7 12. Bb2 Rc8 13. Rc1 a5 14. b5 Nb8 15. Nd2 Qe7 16. Qb3 Nbd7 17. Na4 Rfd8 18. Nb1 Ne4 19. Qd3 f5 20. f3 Nef6 21. Rfd1 Qe8 22. Nd2 Bf8 23. Re1 Rxc1 24. Rxc1 Rc8 25. Rc3 Rxc3 26. Qxc3 Qc8 27. Qxc8 Bxc8 28. Bf1 Kf7 29. Bd3 Bb7 30. Kf2 Bd6 31. Nb3 Bc7 32. Bc3 Bc8 33. Bb2 Ke7 34. Nd2 Bb7 35. Nc3 Bd6 36. Na4 Kd8 37. Kg2 Kc7 38. Nc3 g5 39. Ne2 g4 40. Nf4 Bxf4 41. gxf4 Nf8 42. Nf1 Ng6 43. fxg4 Nxg4 44. h3 Nf6 45. a4 Ne4 46. Be2 Nf6 47. Kg3 Bc8 48. h4 Bd7 49. Ba3 Be8 50. h5 Ne4+ 51. Kh3 Nh8 52. Bf8 Nc3 53. Bf3 Nf7 54. Kh4 Kd7 55. Ng3 Nxa4 56. Nxf5 exf5 57. Bxd5 Nc3 58. Bxf7 Bxf7 59. Bxh6 a4 0-1

[Event "Joao Pessoa Fischer Memorial 7th"]
[Site "Joao Pessoa"]
[Date "2016.03.11"]
[Round "2"]
[White "Palacio, Igor Da Paz"]
[Black "De Souza Neto, Hilton Vilarim"]
[Result "1-0"]
[WhiteElo "2107"]
[BlackElo "1933"]
[PlyCount "155"]
[EventDate "2016.03.11"]
[EventType "swiss"]
[EventRounds "6"]
[EventCountry "BRA"]
[SourceTitle "CBM 171 Extra"]
[Source "ChessBase"]
[SourceDate "2016.04.26"]
[SourceVersion "1"]
[SourceVersionDate "2016.04.26"]
[SourceQuality "1"]

1. Nf3 d6 2. g3 g6 3. Bg2 Bg7 4. 0-0 e6 5. e4 Ne7 6. d4 c6 7. Bf4 0-0 8. Qd2 f6 9. h4 Qc7 10. a4 Nd7 11. c3 e5 12. Be3 Nb6 13. b3 Be6 14. dxe5 dxe5 15. a5 Nd7 16. c4 Rfd8 17. Qc2 c5 18. Nc3 Nc6 19. Nd5 Qb8 20. Bd2 h6 21. Kh2 Kh7 22. Qc1 Rh8 23. Qa3 Bf8 24. Qa4 a6 25. Ne1 Bd6 26. Nc2 g5 27. h5 Qe8 28. Rh1 Kg7 29. Kg1 Rf8 30. Nce3 Nd4 31. g4 Rf7 32. Kf1 Qc8 33. Rg1 Bc7 34. Bc3 Rb8 35. Qa3 Bd6 36. Rd1 Nf8 37. f3 Qc6 38. Kf2 Nd7 39. Bf1 Bf8 40. Bd3 Bd6 41. Ra1 Rff8 42. Rgb1 Rfc8 43. Qa2 Ra8 44. Bc2 Kf7 45. Bd1 Be7 46. b4 b5 47. axb6 Bxd5 48. cxd5 Qxb6 49. d6+ c4 50. dxe7 Nb5 51. Qd2 Kxe7 52. Kg2 Ke8 53. Ba4 Rd8 54. Nxc4 Qc6 55. Bxb5 axb5 56. Rxa8 Rxa8 57. Na5 Qe6 58. Rd1 Ke7 59. Qd5 Rc8 60. Qxe6+ Kxe6 61. Rc1 Nb6 62. Kf2 Nc4 63. Bd2 Kd7 64. Nxc4 bxc4 65. Bc3 Kc6 66. Ke2 Kb5 67. Ra1 Rd8 68. Rd1 Ra8 69. Rd5+ Kb6 70. Ra5 Rc8 71. Kd2 Rd8+ 72. Rd5 Ra8 73. Kc2 Rc8 74. Rc5 Rxc5 75. bxc5+ Kxc5 76. Kb2 Kb5 77. Ka3 Kc5 78. Ka4 1-0

[Event "Recife Arraes Memorial 8th"]
[Site "Recife"]
[Date "2015.05.01"]
[Round "2"]
[White "Albuquerque, Wellington S Jr"]
[Black "De Souza Neto, Hilton Vilarim"]
[Result "1-0"]
[WhiteElo "2138"]
[BlackElo "1952"]
[PlyCount "79"]
[EventDate "2015.05.01"]
[EventType "swiss"]
[EventRounds "6"]
[EventCountry "BRA"]
[SourceTitle "EXT 2016"]
[Source "ChessBase"]
[SourceDate "2015.10.08"]
[SourceVersion "1"]
[SourceVersionDate "2015.10.08"]
[SourceQuality "1"]

1. c4 g6 2. g3 Bg7 3. Bg2 d6 4. Nc3 a6 5. e4 Nd7 6. Nge2 e6 7. d3 Ne7 8. 0-0 0-0 9. Bg5 h6 10. Be3 Kh7 11. Qd2 Rb8 12. Rad1 Rg8 13. f4 f5 14. h3 Nf6 15. Kh2 c6 16. b3 Ne8 17. Bf2 Qc7 18. Rfe1 Nf6 19. Nd4 c5 20. Nf3 fxe4 21. dxe4 Ne8 22. e5 dxe5 23. Nxe5 Nf5 24. Ne4 Bxe5 25. fxe5 b6 26. g4 Nfg7 27. Bg3 g5 28. Nf6+ Kh8 29. Qd3 Nf5 30. gxf5 exf5 31. Nxg8 Kxg8 32. Qd8 Be6 33. Qxc7 Nxc7 34. Rd6 Kf7 35. Rc6 Ne8 36. Bd5 Bxd5 37. cxd5 f4 38. Bf2 h5 39. Rg1 Rd8 40. Rxg5 1-0